Malayalathinte priyakavithakal Kumaranasan(മലയാളത്തിൻെറ പ്രിയകവിതകൾ കുമാരനാശാൻ) (Record no. 116149)

MARC details
000 -LEADER
fixed length control field 00346 a2200097 4500
020 ## - INTERNATIONAL STANDARD BOOK NUMBER
International Standard Book Number 9789390429547
100 ## - MAIN ENTRY--PERSONAL NAME
Personal name Kumaranasan
245 ## - TITLE STATEMENT
Title Malayalathinte priyakavithakal Kumaranasan(മലയാളത്തിൻെറ പ്രിയകവിതകൾ കുമാരനാശാൻ)
260 ## - PUBLICATION, DISTRIBUTION, ETC. (IMPRINT)
Name of publisher, distributor, etc Green books India pvt. ltd.
Date of publication, distribution, etc 2021
942 ## - ADDED ENTRY ELEMENTS (KOHA)
Koha item type On order/under processing
Holdings
Withdrawn status Lost status Damaged status Not for loan Home library Current library Date acquired Source of acquisition Cost, normal purchase price Total Checkouts Barcode Date last seen Cost, replacement price Price effective from Koha item type
        University Library University Library 19/03/2026 269 210.01   00098224 19/03/2026 315.00 19/03/2026 On order/under processing
University Library, CUSAT